|
|
|
|
| LEADER |
00689nta a2200193 i 4500 |
| 001 |
dipl104424 |
| 005 |
20210122080501.0 |
| 008 |
210122s1999 hu om 0|| zxx d |
| 040 |
|
|
|a SZTE Diploma Repozitórium
|b hun
|
| 041 |
|
|
|a zxx
|
| 100 |
1 |
|
|a Csüllög Sándorné
|
| 245 |
1 |
0 |
|a Elektronikus média szerepe a Sárréten. Sárrét TV.
|h [elektronikus dokumentum] /
|c Sándorné Csüllög
|
| 260 |
|
|
|c 1999
|
| 650 |
|
4 |
|a Pedagógusképzés
|
| 650 |
|
4 |
|a Social sciences
|
| 650 |
|
4 |
|a Media and communications
|
| 650 |
|
4 |
|a Media and socio-cultural communication
|
| 700 |
1 |
|
|a Schab Éva
|e ths
|
| 856 |
4 |
0 |
|u http://diploma.bibl.u-szeged.hu/id/eprint/104424/1/1999_csullog_sandorne.pdf
|z Dokumentum-elérés
|